000 00249nam a22000857a 4500
008 161124b xxu||||| |||| 00| 0 eng d
100 _91391
_aCBSE
245 _aSample question papers - 2008 languages - 2008
260 _aNew delhi
_bNational book trust
_c2007
999 _c4107
_d4107